[Event "PRO League Pacific 2017"]
[Site "chess.com INT"]
[Date "2017.01.25"]
[Round "3"]
[White "Rosenthal, Nicholas"]
[Black "Iwu, Okechukwu N"]
[Result "1-0"]
[WhiteElo "2156"]
[BlackElo "2161"]
[WhiteTeam "St Louis Arch Bishops"]
[BlackTeam "Minnesota Blizzard"]
[WhiteFideId "2045150"]
[BlackFideId "2020718"]
[EventDate "2017.01.11"]

1. e4 e6 2. d3 d5 3. Nd2 c5 4. Ngf3 Nc6 5. g3 g6 6. Bg2 Bg7 7. O-O Nge7 8. Re1
b6 9. h4 h6 10. Nh2 a5 11. a4 Ra7 12. h5 g5 13. f4 dxe4 14. Nxe4 gxf4 15. Bxf4
Bxb2 16. Ng4 Nf5 17. Nef6+ Bxf6 18. Bxc6+ Bd7 19. Be4 Bd4+ 20. Kh2 Kf8 21. Rb1
Bxa4 22. Ne5 Bc3 23. Rf1 Qf6 24. Ng4 Qg7 25. Rxb6 Ke7 26. Bxf5 exf5 27. Nxh6 Bd7
28. Qe2+ Kd8 29. Rb8+ Bc8 30. Nxf5 Qf6 31. Nd6 Kd7 32. Rxc8 Rxc8 33. Nxc8 Kxc8
34. Qe8+ Kb7 35. Rf2 Ra8 36. Qb5+ Qb6 37. Qc4 Bd4 38. Qxf7+ Ka6 39. Re2 Kb5 40.
Qc4+ 1-0

[Event "PRO League Pacific 2017"]
[Site "chess.com INT"]
[Date "2017.01.25"]
[Round "3"]
[White "Rosenthal, Nicholas"]
[Black "Tang, Andrew"]
[Result "1-0"]
[BlackTitle "IM"]
[WhiteElo "2156"]
[BlackElo "2466"]
[WhiteTeam "St Louis Arch Bishops"]
[BlackTeam "Minnesota Blizzard"]
[WhiteFideId "2045150"]
[BlackFideId "2059630"]
[EventDate "2017.01.11"]

1. e4 e5 2. Nf3 Nc6 3. Nc3 Nf6 4. d4 exd4 5. Nd5 Nxd5 6. exd5 Bb4+ 7. Bd2 Qe7+
8. Be2 Ne5 9. O-O Bxd2 10. Qxd2 Nxf3+ 11. Bxf3 Qf6 12. Rfe1+ Kd8 13. Re4 d6 14.
Rf4 Qg6 15. Qxd4 Re8 16. h4 f5 17. Qc3 Re5 18. Rc4 Qf7 19. Qd2 Bd7 20. a4 Qe7
21. a5 Be8 22. Rb4 Kc8 23. c4 Qxh4 24. c5 Qe7 25. c6 bxc6 26. dxc6 a6 27. Rc1
Rxa5 28. Rb8+ Rxb8 29. Qxa5 Qe5 30. Re1 1-0

[Event "PRO League Pacific 2017"]
[Site "chess.com INT"]
[Date "2017.01.25"]
[Round "3"]
[White "Vazquez, Guillermo"]
[Black "Chirila, Ioan-Cristian"]
[Result "0-1"]
[WhiteTitle "IM"]
[BlackTitle "GM"]
[WhiteElo "2437"]
[BlackElo "2533"]
[WhiteTeam "Rio Grande Ospreys"]
[BlackTeam "San Jose Hackers"]
[WhiteFideId "3702308"]
[BlackFideId "1211668"]
[EventDate "2017.01.11"]

1. e4 e5 2. Nf3 Nc6 3. Bc4 Nf6 4. d3 Bc5 5. O-O d6 6. c3 a6 7. h3 Ba7 8. Bb3 h6
9. Nbd2 g5 10. Nh2 Rg8 11. g4 h5 12. Qf3 hxg4 13. hxg4 Be6 14. Nc4 Qe7 15. Ne3
Bxe3 16. Bxe3 Bxb3 17. axb3 Qe6 18. b4 Ne7 19. c4 Ng6 20. Bxg5 Nxg4 21. Qxg4 Nf4
22. Qxe6+ Nxe6 23. f4 exf4 24. Kf2 Rxg5 25. Nf3 Rg6 26. b5 a5 27. b4 a4 28. d4
Kd7 29. d5 Ng5 30. Nxg5 Rxg5 31. Kf3 Rg3+ 32. Kxf4 Rb3 33. Rfb1 Rxb1 34. Rxb1 a3
35. c5 b6 36. c6+ Ke7 37. Ke3 a2 38. Ra1 Ra3+ 39. Kd4 f6 40. Kc4 Kf7 41. Kd4 Kg6
42. Kc4 Kg5 43. Kd4 Kf4 44. Rf1+ Kg3 45. Ra1 Kf3 46. Rf1+ Ke2 47. Ra1 Kd2 0-1

[Event "PRO League Pacific 2017"]
[Site "chess.com INT"]
[Date "2017.01.25"]
[Round "3"]
[White "Vazquez, Guillermo"]
[Black "Izoria, Zviad"]
[Result "0-1"]
[WhiteTitle "IM"]
[BlackTitle "GM"]
[WhiteElo "2437"]
[BlackElo "2604"]
[WhiteTeam "Rio Grande Ospreys"]
[BlackTeam "San Jose Hackers"]
[WhiteFideId "3702308"]
[BlackFideId "13601733"]
[EventDate "2017.01.11"]

1. e4 Nc6 2. Nf3 d6 3. d4 Nf6 4. Nc3 g6 5. Be2 Bg7 6. O-O O-O 7. h3 e5 8. dxe5
Nxe5 9. Bg5 h6 10. Be3 Nxf3+ 11. Bxf3 Re8 12. Re1 Bd7 13. Qd2 Kh7 14. Rad1 Bc6
15. Bd4 Nd7 16. Nd5 Ne5 17. Be2 Bxd5 18. exd5 Nd7 19. Be3 a6 20. Bf1 Nc5 21. c3
Qh4 22. g3 Qa4 23. b3 Qd7 24. Qc2 h5 25. Bg2 Re5 26. Bd4 Rxe1+ 27. Rxe1 Re8 28.
Re3 Rxe3 29. Bxe3 Qe7 30. b4 Nd7 31. c4 Bh6 32. Bxh6 Kxh6 33. Qd2+ Kg7 34. Bf1
Qe5 35. a4 a5 36. bxa5 Nc5 37. h4 Nxa4 38. a6 bxa6 39. Qa5 Nc5 40. Qxc7 Qf6 41.
Qb6 Qe7 42. Kg2 Qe5 43. Kg1 Qd4 44. Qxd6 a5 45. Qb6 a4 46. Qa7 Kf6 47. Qb6+ Kg7
48. d6 Qe5 49. Kg2 a3 50. Qa7 Qb2 51. Qxc5 a2 52. d7 Qb7+ 53. Qd5 Qa7 54. d8=Q
a1=Q 55. Qd4+ Q1xd4 0-1

[Event "PRO League Pacific 2017"]
[Site "chess.com INT"]
[Date "2017.01.25"]
[Round "3"]
[White "Mamedov, Rauf"]
[Black "Vazquez, Guillermo"]
[Result "1-0"]
[WhiteTitle "GM"]
[BlackTitle "IM"]
[WhiteElo "2688"]
[BlackElo "2437"]
[WhiteTeam "San Jose Hackers"]
[BlackTeam "Rio Grande Ospreys"]
[WhiteFideId "13401653"]
[BlackFideId "3702308"]
[EventDate "2017.01.11"]

1. e4 c6 2. Nc3 d5 3. Nf3 a6 4. d4 Bg4 5. h3 Bh5 6. exd5 cxd5 7. g4 Bg6 8. Ne5
e6 9. h4 f6 10. Nxg6 hxg6 11. Bd3 Kf7 12. Be3 Nc6 13. a3 Bd6 14. Qf3 Nge7 15. h5
g5 16. O-O-O Rc8 17. Kb1 Qb6 18. Bg6+ Kg8 19. Qe2 Nd8 20. Na4 Qb5 21. Qxb5 axb5
22. Nc3 Nxg6 23. Nxb5 Bb8 24. hxg6 Rh6 25. Rh5 Rxg6 26. Rdh1 Nf7 27. b3 Rh6 28.
Rxh6 gxh6 29. Kc1 Kg7 30. Kd2 Nd6 31. a4 Kg6 32. Kd3 f5 33. f3 fxg4 34. fxg4 Ne4
35. Rf1 Nf6 36. Rg1 Ne4 37. c4 Bf4 38. c5 h5 39. gxh5+ Kxh5 40. a5 Bxe3 41. Kxe3
g4 42. Kf4 Rf8+ 43. Ke5 Ng5 44. Kd6 g3 45. Rxg3 Ne4+ 46. Ke7 Ra8 47. Rg2 Rxa5
48. Nd6 Nc3 49. Kxe6 1-0

[Event "PRO League Pacific 2017"]
[Site "chess.com INT"]
[Date "2017.01.25"]
[Round "3"]
[White "Nagle, Sean"]
[Black "Rosenthal, Nicholas"]
[Result "1-0"]
[WhiteTitle "IM"]
[WhiteElo "2423"]
[BlackElo "2156"]
[WhiteTeam "Minnesota Blizzard"]
[BlackTeam "St Louis Arch Bishops"]
[WhiteFideId "2013878"]
[BlackFideId "2045150"]
[EventDate "2017.01.11"]

1. Nf3 Nf6 2. c4 c5 3. Nc3 Nc6 4. g3 g6 5. Bg2 Bg7 6. d4 cxd4 7. Nxd4 O-O 8. O-O
a6 9. c5 Qa5 10. Nb3 Qc7 11. Bf4 e5 12. Bg5 Re8 13. Qd2 Nd4 14. Nxd4 exd4 15.
Bxf6 dxc3 16. Bxc3 Qxc5 17. Bxg7 Kxg7 18. Rac1 Qe5 19. e3 d6 20. Rc7 Be6 21.
Rxb7 Rab8 22. Rxb8 Rxb8 23. b3 Rc8 24. h4 Bf5 25. Rc1 Rxc1+ 26. Qxc1 Qa5 27.
Qb2+ f6 28. b4 Qa4 29. Bf3 h5 30. Qd2 Be6 31. Qxd6 Qxa2 32. Bb7 Bc4 33. Qe7+ Bf7
34. e4 Kg8 35. Kg2 Qc4 36. Qxf6 Qxb4 37. Qxa6 Kh7 38. Qa8 Qd6 39. Bd5 Bxd5 40.
Qxd5 Qf6 41. e5 Qf5 42. Qd4 Kg8 43. Qc4+ Kf8 44. Qf4 Qxf4 45. gxf4 Kf7 46. Kf3
Ke6 47. Ke4 Ke7 48. f5 Kf7 49. f4 Kg7 50. fxg6 Kxg6 51. f5+ Kg7 52. Kf4 Kh6 53.
e6 Kg7 54. Kg5 Kf8 55. Kxh5 Kg7 56. Kg5 Kf8 57. Kf6 Kg8 58. Ke7 Kg7 59. f6+ Kh7
60. f7 1-0

[Event "PRO League Pacific 2017"]
[Site "chess.com INT"]
[Date "2017.01.25"]
[Round "3"]
[White "Song, Edward"]
[Black "Liu, Elliott"]
[Result "1/2-1/2"]
[WhiteTitle "FM"]
[BlackTitle "FM"]
[WhiteElo "2299"]
[BlackElo "2284"]
[WhiteTeam "Pittsburgh Pawngrabbers"]
[BlackTeam "Las Vegas Desert Rats"]
[WhiteFideId "2051192"]
[BlackFideId "2019850"]
[EventDate "2017.01.11"]

1. e4 e6 2. d4 d5 3. Nd2 dxe4 4. Nxe4 Nf6 5. Nxf6+ Qxf6 6. Nf3 h6 7. Bd3 c5 8.
Be3 Nd7 9. O-O Be7 10. c3 O-O 11. Qe2 Rd8 12. Rad1 b6 13. Be4 Rb8 14. h3 Bb7 15.
Bxb7 Rxb7 16. Rd2 cxd4 17. Bxd4 Qf5 18. Qa6 Rc7 19. Rfd1 Nb8 20. Qa4 Nc6 21. Be3
Rxd2 22. Rxd2 Bc5 23. Bxc5 Qxc5 24. Qe4 a5 25. a4 b5 26. axb5 Qxb5 27. Nd4 Nxd4
28. Qxd4 Rc8 29. Qd6 a4 30. Qe7 Qg5 31. Qd7 Rb8 32. Rd1 Qf4 33. Qd2 Qxd2 34.
Rxd2 Rb3 35. Rc2 Kf8 36. Kf1 Ke7 37. Ke2 Kd6 38. Kd3 Kc5 39. Re2 a3 40. bxa3
Rxa3 41. Re5+ Kd6 42. Rb5 Ra2 43. Ke3 Rc2 44. Rb3 Kd5 45. Ra3 g5 46. g3 f5 47.
Kf3 Kc4 48. Ra6 Rxc3+ 49. Ke2 Rc2+ 50. Ke3 Kd5 51. Kf3 Ke5 52. Ke3 Rc3+ 53. Ke2
Rb3 54. Kf1 f4 55. Kg2 Kf5 56. gxf4 gxf4 57. Kh2 h5 58. Kg2 h4 59. Kh2 f3 60.
Ra4 Rb2 61. Rxh4 Rxf2+ 62. Kg3 Rf1 63. Rf4+ 1/2-1/2

[Event "PRO League Pacific 2017"]
[Site "chess.com INT"]
[Date "2017.01.25"]
[Round "3"]
[White "Dreev, Aleksey"]
[Black "Breckenridge, Steven James"]
[Result "1-0"]
[WhiteTitle "GM"]
[BlackTitle "FM"]
[WhiteElo "2651"]
[BlackElo "2239"]
[WhiteTeam "San Diego Surfers"]
[BlackTeam "Portland Rain"]
[WhiteFideId "4100107"]
[BlackFideId "2043700"]
[EventDate "2017.01.11"]

1. d4 Nf6 2. Nf3 g6 3. g3 Bg7 4. Bg2 O-O 5. O-O d6 6. b3 e5 7. dxe5 dxe5 8. Ba3
Re8 9. Qxd8 Rxd8 10. Nc3 Nc6 11. Rfd1 Bf5 12. Nh4 Bd7 13. Rac1 a6 14. Rd2 Be6
15. Rxd8+ Rxd8 16. Bxc6 bxc6 17. Rd1 Rxd1+ 18. Nxd1 Nd7 19. Nf3 h6 20. Nd2 f5
21. Bb2 Kf7 22. Ne3 Nb6 23. c4 g5 24. Nc2 a5 25. a4 e4 26. Bxg7 Kxg7 27. Nd4 Bd7
28. g4 Kf6 29. c5 Nd5 30. gxf5 e3 31. Nc4 Bxf5 32. Nxa5 Bd7 33. Naxc6 Nf4 34.
fxe3 Ne6 35. b4 Nxd4 36. Nxd4 Bxa4 37. b5 Ke5 38. b6 cxb6 39. cxb6 Kd6 40. Nf5+
Kc6 41. Nxh6 Bb3 42. Nf5 Kxb6 43. Nd4 Bf7 44. Nf3 g4 45. Ne5 Be6 46. Kf2 Kc5 47.
Kg3 Kd5 48. Nxg4 Ke4 49. h4 Bc4 50. h5 Kf5 51. e4+ Kg5 52. h6 Bg8 53. Kf3 Bh7
54. e3 Bg6 55. e5 Bf5 56. Kg3 Kg6 57. Kf4 Be6 58. e4 Bc8 59. Ne3 Kxh6 60. Nf5+
Kh7 61. Kg5 Bb7 62. Nd6 Bc6 63. e6 Kg7 64. e7 Be8 65. Nxe8+ Kf7 66. Nf6 Kg7 67.
Kf5 1-0

[Event "PRO League Pacific 2017"]
[Site "chess.com INT"]
[Date "2017.01.25"]
[Round "3"]
[White "Dreev, Aleksey"]
[Black "Raptis, Nick"]
[Result "1-0"]
[WhiteTitle "GM"]
[BlackTitle "FM"]
[WhiteElo "2651"]
[BlackElo "2262"]
[WhiteTeam "San Diego Surfers"]
[BlackTeam "Portland Rain"]
[WhiteFideId "4100107"]
[BlackFideId "2016850"]
[EventDate "2017.01.11"]

1. d4 Nf6 2. Nf3 g6 3. g3 Bg7 4. Bg2 O-O 5. O-O d5 6. c4 c6 7. Qb3 Qb6 8. Nc3
Bf5 9. Re1 Nbd7 10. cxd5 Qxb3 11. axb3 cxd5 12. Bf4 a6 13. h3 e6 14. Nd2 h5 15.
f3 Ne8 16. e4 Bxd4+ 17. Kh2 dxe4 18. fxe4 e5 19. Bh6 Be6 20. Bxf8 Kxf8 21. b4
Rc8 22. Rac1 h4 23. gxh4 Bf2 24. Rf1 Bxh4 25. Nf3 Be7 26. h4 Bxb4 27. Ng5 Bb3
28. Bh3 Rc7 29. Be6 Nc5 30. Bxb3 Nxb3 31. Ne6+ Kg8 32. Nxc7 Nxc7 33. Rc2 Nd4 34.
Rcf2 f5 35. exf5 gxf5 36. Ne2 Nce6 37. Nxd4 Nxd4 38. Rxf5 Nxf5 39. Rxf5 e4 40.
Kg2 Be7 41. Rf4 e3 42. Kf3 Bc5 43. Rc4 Bb6 44. Rb4 Bd8 45. Kxe3 b5 46. Rf4 Kg7
47. Ke4 Bf6 48. Rxf6 Kxf6 49. Kd5 Kg6 50. Kc5 Kh5 51. b4 Kxh4 52. Kb6 Kg5 53.
Kxa6 Kf6 54. Kxb5 Ke7 55. Ka6 Kd7 56. b5 Kc8 57. Ka7 1-0

[Event "PRO League Pacific 2017"]
[Site "chess.com INT"]
[Date "2017.01.25"]
[Round "3"]
[White "Liu, Elliott"]
[Black "Hua, David A"]
[Result "0-1"]
[WhiteTitle "FM"]
[WhiteElo "2284"]
[BlackElo "2285"]
[WhiteTeam "Las Vegas Desert Rats"]
[BlackTeam "Pittsburgh Pawngrabbers"]
[WhiteFideId "2019850"]
[BlackFideId "2030047"]
[EventDate "2017.01.11"]

1. e4 e5 2. Nf3 Nc6 3. Bc4 Bc5 4. c3 Nf6 5. d3 O-O 6. Bb3 d5 7. Nbd2 d4 8. Nf1
dxc3 9. bxc3 Ng4 10. Ne3 Nxe3 11. Bxe3 Bxe3 12. fxe3 Qe7 13. O-O Be6 14. Rb1
Bxb3 15. Qxb3 b6 16. Qd5 Qd6 17. Rb5 Rae8 18. Ng5 Qxd5 19. exd5 Nb8 20. e4 Nd7
21. Rb2 Nc5 22. Rf3 f6 23. Nh3 Rc8 24. Nf2 Rfe8 25. Re2 Nb7 26. d4 Nd6 27. g4 c5
28. dxc6 Rxc6 29. Rd2 exd4 30. Rxd4 Nf7 31. Re3 Ne5 32. h3 Rec8 33. Nd1 Kf7 34.
Kg2 Ke6 0-1

[Event "PRO League Pacific 2017"]
[Site "chess.com INT"]
[Date "2017.01.25"]
[Round "3"]
[White "Liu, Elliott"]
[Black "Shabalov, Alexander"]
[Result "1-0"]
[WhiteTitle "FM"]
[BlackTitle "GM"]
[WhiteElo "2284"]
[BlackElo "2563"]
[WhiteTeam "Las Vegas Desert Rats"]
[BlackTeam "Pittsburgh Pawngrabbers"]
[WhiteFideId "2019850"]
[BlackFideId "2008572"]
[EventDate "2017.01.11"]

1. e4 Nf6 2. e5 Nd5 3. d4 d6 4. Nf3 Bg4 5. Be2 e6 6. c4 Nb6 7. exd6 cxd6 8. h3
Bh5 9. Nc3 Be7 10. d5 e5 11. g4 Bg6 12. h4 e4 13. Ng5 Bxg5 14. Bxg5 f6 15. Bf4
h6 16. Nb5 Nc8 17. c5 O-O 18. Qb3 Na6 19. cxd6 Nc5 20. Qb4 Nd3+ 21. Bxd3 exd3
22. Nc7 a5 23. Qxb7 Nxd6 24. Qc6 Qe7+ 25. Ne6 Ne4 26. O-O Rfc8 27. Qb5 Nd6 28.
Qb6 Nc4 29. Qd4 Ra6 30. Rac1 Rxe6 31. dxe6 Qxe6 32. f3 h5 33. b3 Ne5 34. Rxc8+
Qxc8 35. Bxe5 fxe5 36. Qc4+ Qxc4 37. bxc4 Bf7 38. c5 Kf8 39. Kf2 Bxa2 40. Ke3 a4
41. Kxd3 Ke7 42. Ke4 Ke6 43. Ra1 Bd5+ 44. Ke3 Bc6 45. Rb1 hxg4 46. fxg4 Kd5 47.
Rc1 g6 48. h5 gxh5 49. gxh5 Ke6 50. h6 Kf7 51. Rg1 1-0

[Event "PRO League Pacific 2017"]
[Site "chess.com INT"]
[Date "2017.01.25"]
[Round "3"]
[White "Izoria, Zviad"]
[Black "Ruiz Castillo, Joshua Daniel"]
[Result "1-0"]
[WhiteTitle "GM"]
[BlackTitle "IM"]
[WhiteElo "2604"]
[BlackElo "2331"]
[WhiteTeam "San Jose Hackers"]
[BlackTeam "Rio Grande Ospreys"]
[WhiteFideId "13601733"]
[BlackFideId "4400704"]
[EventDate "2017.01.11"]

1. Nf3 Nf6 2. c4 e6 3. Nc3 Bb4 4. g3 b6 5. Bg2 Bb7 6. O-O O-O 7. d3 d5 8. cxd5
exd5 9. Bf4 Re8 10. Rc1 c6 11. a3 Bf8 12. e4 d4 13. Nb1 c5 14. Nbd2 Nc6 15. Nc4
b5 16. Qb3 Ba6 17. Nce5 Nxe5 18. Nxe5 Qe7 19. a4 g5 20. Nc6 Qd7 21. Bxg5 c4 22.
Qd1 Qxc6 23. e5 Nd5 24. Bf6 Bg7 25. Bxd5 1-0

[Event "PRO League Pacific 2017"]
[Site "chess.com INT"]
[Date "2017.01.25"]
[Round "3"]
[White "Xu, Grant Y"]
[Black "Liu, Elliott"]
[Result "1-0"]
[BlackTitle "FM"]
[WhiteElo "2193"]
[BlackElo "2284"]
[WhiteTeam "Pittsburgh Pawngrabbers"]
[BlackTeam "Las Vegas Desert Rats"]
[WhiteFideId "2052318"]
[BlackFideId "2019850"]
[EventDate "2017.01.11"]

1. e4 c5 2. d4 cxd4 3. c3 dxc3 4. Nxc3 Nc6 5. Nf3 d6 6. Bc4 a6 7. O-O Nf6 8. Bf4
Bg4 9. h3 Bxf3 10. Qxf3 e6 11. Rfd1 Qb8 12. Be2 Be7 13. Qg3 O-O 14. Rxd6 Bxd6
15. Bxd6 Qa7 16. Bxf8 Rxf8 17. Rd1 Nd4 18. Bf1 Rc8 19. e5 Nf5 20. Qf3 Ne8 21.
Rd7 Rc7 22. Rd8 Kf8 23. Nb5 axb5 24. Bxb5 Re7 25. Qd3 Qb6 26. g4 Nh6 27. Bxe8
Rxe8 28. Qa3+ 1-0

[Event "PRO League Pacific 2017"]
[Site "chess.com INT"]
[Date "2017.01.25"]
[Round "3"]
[White "Ruiz Castillo, Joshua Daniel"]
[Black "Mamedov, Rauf"]
[Result "0-1"]
[WhiteTitle "IM"]
[BlackTitle "GM"]
[WhiteElo "2331"]
[BlackElo "2688"]
[WhiteTeam "Rio Grande Ospreys"]
[BlackTeam "San Jose Hackers"]
[WhiteFideId "4400704"]
[BlackFideId "13401653"]
[EventDate "2017.01.11"]

1. e4 c5 2. Nf3 Nc6 3. d4 cxd4 4. Nxd4 Nf6 5. Nc3 e5 6. Ndb5 d6 7. Bg5 a6 8. Na3
Be6 9. g3 Qb6 10. Rb1 Ng4 11. Qf3 Nd4 12. Qg2 d5 13. Bd3 dxe4 14. Bxe4 f5 15.
Bxb7 Rb8 16. Bd5 e4 17. Nc4 Qc5 18. Bxe6 Nxe6 19. Nxe4 Qxc4 20. Nd2 Bb4 21. c3
Bxc3 22. bxc3 Rxb1+ 23. Nxb1 Nxg5 24. Qa8+ Kf7 25. Qxh8 Qe4+ 0-1

[Event "PRO League Pacific 2017"]
[Site "chess.com INT"]
[Date "2017.01.25"]
[Round "3"]
[White "Ruiz Castillo, Joshua Daniel"]
[Black "Yoo, Christopher Woojin"]
[Result "1-0"]
[WhiteTitle "IM"]
[WhiteElo "2331"]
[BlackElo "1854"]
[WhiteTeam "Rio Grande Ospreys"]
[BlackTeam "San Jose Hackers"]
[WhiteFideId "4400704"]
[BlackFideId "30909694"]
[EventDate "2017.01.11"]

1. e4 e5 2. Nf3 Nc6 3. Bb5 Nf6 4. Qe2 Bc5 5. c3 O-O 6. O-O d5 7. d3 Re8 8. Nbd2
a6 9. Ba4 b5 10. Bb3 Bb7 11. Rd1 d4 12. Nf1 Qe7 13. Ng3 Bc8 14. Bg5 h6 15. Bh4
Rb8 16. Nh5 Bg4 17. Nxf6+ gxf6 18. h3 Be6 19. Nh2 Kh7 20. Qf3 Kg7 21. Qh5 Rh8
22. Bd5 Nd8 23. Nf1 c6 24. Bb3 Bxb3 25. axb3 Ne6 26. Ng3 Nf4 27. Nf5+ Kf8 28.
Nxe7 Nxh5 29. Nxc6 Rb6 30. Na5 dxc3 31. bxc3 b4 32. d4 Be7 33. Nc4 Rb8 34. cxb4
exd4 35. Rxa6 Rxb4 36. Rxd4 Rxb3 37. Ne3 Bc5 38. Nf5 Rb8 39. Rc4 Bb6 40. Rc6 Bd8
41. Ra7 Ke8 42. Nd6+ Kf8 43. Rxf7+ Kg8 44. Rd7 Rh7 45. Rxh7 Kxh7 46. Nf5 Rb1+
47. Kh2 Rb7 48. g3 Rf7 49. Kg2 Ng7 50. Nxg7 Kxg7 51. g4 Rd7 52. Bg3 Kf7 53. Rd6
Rxd6 54. Bxd6 Ba5 55. f4 Bc3 56. Kf3 Bd4 57. Ke2 Ke6 58. Bb8 Kf7 59. Kd3 Bf2 60.
Kc4 Bg3 61. Kd5 Kg6 62. f5+ Kg5 63. Bxg3 h5 64. gxh5 Kxh5 65. Ke6 Kg5 66. Bd6 1-0

[Event "PRO League Pacific 2017"]
[Site "chess.com INT"]
[Date "2017.01.25"]
[Round "3"]
[White "Breckenridge, Steven James"]
[Black "Lu, Albert"]
[Result "1-0"]
[WhiteTitle "FM"]
[WhiteElo "2239"]
[BlackElo "2319"]
[WhiteTeam "Portland Rain"]
[BlackTeam "San Diego Surfers"]
[WhiteFideId "2043700"]
[BlackFideId "2057000"]
[EventDate "2017.01.11"]

1. e4 e5 2. Nf3 Nc6 3. Bc4 Bc5 4. b4 Bxb4 5. c3 Be7 6. d4 Na5 7. Be2 d6 8. Qa4+
c6 9. dxe5 dxe5 10. Nxe5 Nf6 11. O-O O-O 12. Bf4 b5 13. Qc2 Qb6 14. Nd2 Bd6 15.
Nec4 Nxc4 16. Nxc4 bxc4 17. Bxd6 Re8 18. e5 Nd7 19. Bxc4 Nxe5 20. Rae1 Bf5 21.
Qxf5 Nxc4 22. Bf4 Qb5 23. Rxe8+ Rxe8 24. Qd7 Ra8 25. Re1 h6 26. h3 Qa4 27. Re8+
Rxe8 28. Qxe8+ Kh7 29. Qxf7 Qxa2 30. Qf5+ Kh8 31. Qc8+ Kh7 32. Qxc6 Qa1+ 33. Kh2
Qxc3 34. Qe4+ Kh8 35. Qa8+ Kh7 36. Qxa7 Qf6 37. Qc7 Qd4 38. h4 Nb2 39. Be5 Qxh4+
40. Kg1 Qg4 41. Qc2+ 1-0

[Event "PRO League Pacific 2017"]
[Site "chess.com INT"]
[Date "2017.01.25"]
[Round "3"]
[White "Breckenridge, Steven James"]
[Black "Kiewra, Keaton F"]
[Result "1/2-1/2"]
[WhiteTitle "FM"]
[BlackTitle "IM"]
[WhiteElo "2239"]
[BlackElo "2429"]
[WhiteTeam "Portland Rain"]
[BlackTeam "San Diego Surfers"]
[WhiteFideId "2043700"]
[BlackFideId "2019280"]
[EventDate "2017.01.11"]

1. e4 c5 2. c3 Nf6 3. e5 Nd5 4. d4 cxd4 5. Nf3 Nc6 6. Bc4 Nb6 7. Bb3 d5 8. exd6
Qxd6 9. O-O Be6 10. Na3 dxc3 11. Qe2 Bxb3 12. Nb5 Qb8 13. axb3 e5 14. Nbd4 Nxd4
15. Nxd4 f6 16. bxc3 Kf7 17. Nf5 Qc8 18. Ng3 Be7 19. f4 Qxc3 20. Bd2 Qxb3 21.
fxe5 Rhe8 22. Qh5+ Kg8 23. exf6 Bxf6 24. Rxf6 gxf6 25. Nf5 Kh8 26. Qh6 Qf7 27.
Nd6 Qf8 28. Nxe8 Qxh6 29. Bxh6 Rxe8 30. Rxa7 Re7 31. g4 Kg8 32. Kf2 Kf7 33. h4
Rd7 34. Kf3 Ke6 35. Ke4 Nc8 36. Ra8 Nd6+ 37. Kf3 Nf7 38. Re8+ Re7 39. Rxe7+ Kxe7
40. Bd2 Ke6 41. Kf4 b5 42. Bc3 Ne5 43. g5 Ng6+ 44. Kg4 f5+ 45. Kg3 Ne7 46. h5
Kf7 47. Bd4 Nd5 48. Kf3 b4 49. Bb2 b3 50. Bd4 Nb4 51. Kf4 Nc6 52. Bc3 Ne7 53.
Ke5 f4 54. Ke4 Nd5 55. Bd4 1/2-1/2

[Event "PRO League Pacific 2017"]
[Site "chess.com INT"]
[Date "2017.01.25"]
[Round "3"]
[White "Troff, Kayden W"]
[Black "Song, Edward"]
[Result "1-0"]
[WhiteTitle "GM"]
[BlackTitle "FM"]
[WhiteElo "2511"]
[BlackElo "2299"]
[WhiteTeam "Las Vegas Desert Rats"]
[BlackTeam "Pittsburgh Pawngrabbers"]
[WhiteFideId "2047896"]
[BlackFideId "2051192"]
[EventDate "2017.01.11"]

1. d4 Nf6 2. c4 e6 3. Nf3 d5 4. Nc3 Nbd7 5. e3 Be7 6. Bd3 O-O 7. O-O dxc4 8.
Bxc4 c5 9. a3 a6 10. Ba2 b5 11. e4 b4 12. Na4 Nxe4 13. d5 e5 14. Re1 Nd6 15. Be3
bxa3 16. bxa3 c4 17. Rb1 f6 18. Nd2 Rb8 19. Nxc4 Rxb1 20. Qxb1 Kh8 21. Rc1 Nb5
22. Qd3 Nd6 23. Nxd6 Bxd6 24. Rc6 Nb8 25. Rxd6 Qxd6 26. Bc5 Qd8 27. Bxf8 Qxf8
28. d6 Nd7 29. h3 g6 30. Be6 Qe8 31. Qc4 Kg7 32. Bxd7 Bxd7 33. Qc7 Kh6 34. Nc5
Bb5 35. d7 Bxd7 36. Qxd7 Qb8 37. Ne6 Qb1+ 38. Kh2 1-0

[Event "PRO League Pacific 2017"]
[Site "chess.com INT"]
[Date "2017.01.25"]
[Round "3"]
[White "Troff, Kayden W"]
[Black "Petesch, Gabriel N"]
[Result "1-0"]
[WhiteTitle "GM"]
[BlackTitle "FM"]
[WhiteElo "2511"]
[BlackElo "2260"]
[WhiteTeam "Las Vegas Desert Rats"]
[BlackTeam "Pittsburgh Pawngrabbers"]
[WhiteFideId "2047896"]
[BlackFideId "2032465"]
[EventDate "2017.01.11"]

1. d4 d5 2. c4 c6 3. Nf3 Nf6 4. Nc3 dxc4 5. a4 Bf5 6. e3 e6 7. Bxc4 Nbd7 8. O-O
Bb4 9. Nh4 Qe7 10. Nxf5 exf5 11. Qf3 g6 12. a5 Rc8 13. h3 Ne4 14. Nxe4 fxe4 15.
Qe2 O-O 16. Bd2 Bd6 17. f4 Kg7 18. Bc3 Bb4 19. f5 Nf6 20. Rf2 Qd6 21. Raf1 Nd5
22. Bxd5 cxd5 23. Bxb4 Qxb4 24. Qg4 Rc7 25. Qh4 Qd6 26. f6+ Kh8 27. Qh6 Rg8 28.
Rf4 g5 29. Rg4 Rg6 30. Qh5 h6 31. h4 Rxf6 32. Rxf6 Qxf6 33. hxg5 Rc1+ 34. Kh2
Qg6 35. Qh4 Kh7 36. Rf4 Rc7 37. gxh6 Qxh6 38. Qxh6+ Kxh6 39. Rf5 Rd7 40. Kg3 Kg6
41. Kf4 f6 42. g4 Rd6 43. g5 fxg5+ 44. Rxg5+ Kf6 45. Rh5 Kg6 46. Rg5+ Kf6 47. b4
Rd7 48. Rf5+ Ke6 49. Re5+ Kf6 50. Rh5 Ke7 51. Ke5 Kd8 52. Rh6 Kc7 53. b5 b6 54.
Rc6+ 1-0

[Event "PRO League Pacific 2017"]
[Site "chess.com INT"]
[Date "2017.01.25"]
[Round "3"]
[White "Kiewra, Keaton F"]
[Black "Tarjan, James E"]
[Result "1/2-1/2"]
[WhiteTitle "IM"]
[BlackTitle "GM"]
[WhiteElo "2429"]
[BlackElo "2406"]
[WhiteTeam "San Diego Surfers"]
[BlackTeam "Portland Rain"]
[WhiteFideId "2019280"]
[BlackFideId "2000180"]
[EventDate "2017.01.11"]

1. d4 Nf6 2. Bg5 c5 3. Nc3 d5 4. dxc5 d4 5. Bxf6 exf6 6. Ne4 Bf5 7. Nd6+ Bxd6 8.
cxd6 Qxd6 9. c3 Nc6 10. Nf3 O-O-O 11. Nxd4 Nxd4 12. Qxd4 Qxd4 13. cxd4 Rxd4 14.
e3 Rd6 15. Be2 Rhd8 16. Rd1 Rc6 17. Rxd8+ Kxd8 18. Bd1 Rc1 19. Kd2 Rb1 20. Kc3
b5 21. a3 a5 22. Rf1 Kc7 23. Be2 b4+ 24. axb4 axb4+ 25. Kb3 Be6+ 26. Kc2 Bf5+
27. Kb3 Be6+ 28. Kc2 1/2-1/2